| 000 | 00391nam a2200157Ia 4500 | ||
|---|---|---|---|
| 008 | 220803s9999 xx 000 0 und d | ||
| 020 | _a9780007492893 | ||
| 041 | _aeng | ||
| 082 | _a720 MCC | ||
| 100 |
_aMccandless D _926729 |
||
| 245 | _aInformation Is Beautiful. | ||
| 260 |
_aLondon _bWilliam Collins. _c2009 |
||
| 300 | _a256p | ||
| 500 | _a35 | ||
| 650 |
_aDigital Architecture _926730 |
||
| 999 |
_c17060 _d17060 |
||